Paroles - I'm addicted to you - Avicii - Statistiques

Statistiques générales
  • Ce quiz a été pris 14 fois
  • Le résultat moyen est 127 sur 184
Statistiques - réponses
Paroles % Correct
a
100%
addicted
100%
do
100%
don't
100%
I
100%
I'm
100%
know
100%
love
100%
to
100%
You
100%
you
100%
your
100%
can
92%
in
92%
of
92%
what
92%
What
92%
by
83%
can't
83%
control
83%
eyes
83%
go
83%
Like
83%
me
83%
on
83%
Out
83%
again
75%
blue
75%
fall
75%
it
75%
my
75%
surprise
75%
baby
67%
But
67%
down
67%
drug
67%
fell
67%
get
67%
guard
67%
hard
67%
have
67%
how
67%
last
67%
let
67%
Lost
67%
never
67%
powerful
67%
Caught
58%
coming
58%
enough
58%
happened
58%
Hooked
58%
I'd
58%
into
58%
just
58%
seen
58%
going
50%
insane
50%
veins
50%
world
50%
and
42%
came
42%
crazy
42%
Got
42%
Guess
42%
hit
42%
hypnotized
42%
Oh
42%
should
42%
the
42%
was
42%
Drowing
33%
high
33%
knew
33%
pain
33%
Swore
33%
through
33%
where
33%
Before
25%
couldn't
25%
flowing
25%
getting
25%
live
25%
looking
25%
stand
25%
were
25%
window
25%
alone
17%
cool
17%
Midnights
17%
night
17%
now
17%
one
17%
perfume
17%
Wasn't
17%
without
17%
wouldn't
17%
blows
8%
cleasing
8%
room
8%
'round
8%
wave
8%
Dances
0%
Aucun quiz correspondant
Distribution des résultats
% des personnes avec chaque résultat
Percentile par nombre de réponses
Votre historique - résultats
Vous n’avez pas pris ce quiz